| 000 | 02337nam a2200289 a 4500 | ||
|---|---|---|---|
| 003 | OSt | ||
| 005 | 20220509082507.0 | ||
| 008 | 121115s2018 dr ac 000 0 spa d | ||
| 020 | _a9789945613049 | ||
| 040 |
_aBPMSU _bspa _cBPMSU |
||
| 082 |
_a972.93052 _bN789o 2018 _222 |
||
| 100 | 1 |
_aNolasco, Sócrates, _d1884-1980 |
|
| 245 | 1 | 0 |
_aLa ocupación militar de Santo Domingo por Estados Unidos de América (1916-1924) / _cSócrates Nolasco. |
| 260 |
_aSanto Domingo : _bArchivo General de la Nación, _c2018 |
||
| 300 |
_a200 p. ; _c23 cm. _b |
||
| 490 | 0 |
_a Archivo General de la Nación, _v333 |
|
| 500 | _aIncluye datos biográficos del autor en la solapa de la cubierta. | ||
| 500 | _aIncluye referencias bibliográficas y notas al pie de páginas. | ||
| 505 | 0 | _aPreámbulo 13 -- Oficio del secretario de Estado Dr. J. R. Ricourt 15 -- Introducción 17 -- Carta Núm. 1 del presidente Henríquez y Carvajal al Cónsul Dominicano en Puerto Rico 25 -- Remisión de las propuestas del Gobierno Dominicano 27 -- Escritos y declaraciones de divulgación. Las declaraciones del presidente Wilson y el caso de la República Dominicana 31 -- Los asuntos de Santo Domingo 37 -- Los Estados Unidos en sus relaciones con los pueblos débiles 43 -- El caso de la República Dominicana 49 -- Testimonio de gratitud 53 -- Entrevista del poeta E. Rivera Chevremont 55 -- Los Estados Unidos y el caso de Santo Domingo (informe anexo) 59 -- Una carta que nos honra 69 -- Comentarios a razones 73 -- La cuestión dominicana 81 -- Mr. Thomas Snowden censura 87 -- De la confianza a los hombres públicos 91 -- Nuevas declaraciones 97 -- Sto. Dgo. para nuevamente por las horas caudinas 103 -- Un nuevo plan (el llamado Plan Harding 107 -- Desocupación de Santo Domingo 109 -- Cartas del presidente Henríquez y comentarios 115 -- Catorce cartas del escritor don Tulio M. Cestero y comentario preliminar 133 -- Cartas varias 151 -- Índice onomástico 175 | |
| 590 | _aInventariado, 2022/VM | ||
| 651 | 4 |
_aRepública Dominicana _xHistoria _yOcupación estadounidense, 1916-1924 _z |
|
| 651 | 4 |
_aEstados Unidos _xRelaciones exteriores _zRepública Dominicana |
|
| 651 | 4 |
_aRepública Dominicana _xRelaciones exteriores _zEstados Unidos |
|
| 710 | 2 | _aArchivo General de la Nación (República Dominicana) | |
| 910 | _aVMateo V. | ||
| 942 |
_2ddc _cBK |
||
| 999 |
_c14191 _d14191 |
||